Прогнозирование образования оксидов азота при сжигании пылеугольного топлива на примере топочной камеры котла БКЗ-320-140; Теплофизические основы энергетических технологий

Podrobná bibliografie
Parent link:Теплофизические основы энергетических технологий.— 2011.— С. [219-222]
Hlavní autor: Визгавлюст Н. В. Наталья Викторовна
Korporativní autor: Национальный исследовательский Томский политехнический университет (ТПУ)
Další autoři: Старченко А. В. Александр Васильевич
Shrnutí:Заглавие с титульного листа
Jazyk:ruština
Vydáno: 2011
Témata:
On-line přístup:http://www.lib.tpu.ru/fulltext/c/2011/C02/055.pdf
Médium: MixedMaterials Elektronický zdroj Kapitola
KOHA link:https://koha.lib.tpu.ru/cgi-bin/koha/opac-detail.pl?biblionumber=232851

MARC

LEADER 00000nla2a2200000 4500
001 232851
005 20250212105457.0
035 |a (RuTPU)RU\TPU\book\253908 
035 |a RU\TPU\book\253907 
090 |a 232851 
100 |a 20130220d2011 k y0rusy50 ca 
101 0 |a rus 
102 |a RU 
105 |a y z 101zy 
135 |a drcn ---uucaa 
181 0 |a i  
182 0 |a b 
200 1 |a Прогнозирование образования оксидов азота при сжигании пылеугольного топлива на примере топочной камеры котла БКЗ-320-140  |f Н. В. Визгавлюст, А. В. Старченко 
203 |a Текст  |c электронный 
215 |a 1 файл (388 Кб) 
300 |a Заглавие с титульного листа 
320 |a [Библиогр.: с. 222 (2 назв.)] 
337 |a Adobe Reader 
463 1 |0 (RuTPU)RU\TPU\book\250444  |t Теплофизические основы энергетических технологий  |o сборник научных трудов II Всероссийской научно-практической конференции с международным участием, 6-8 октября 2011 г., Томск  |f Национальный исследовательский Томский политехнический университет (ТПУ) ; ред. коллегия: Г. В. Кузнецова ; А. С. Заворина ; К. В. Бувакова  |v С. [219-222]  |d 2011 
610 1 |a труды учёных ТПУ 
610 1 |a электронный ресурс 
610 1 |a прогнозирование 
610 1 |a оксиды азота 
610 1 |a сжигание 
610 1 |a пылеугольное топливо 
610 1 |a топочные камеры 
610 1 |a котлы 
700 1 |a Визгавлюст  |b Н. В.  |g Наталья Викторовна  |f 1977-  |c специалист в области теплоэнергетики  |c доцент Томского политехнического университета, кандидат технических наук  |y Томск  |3 (RuTPU)RU\TPU\pers\26009  |9 11858 
701 1 |a Старченко  |b А. В.  |c специалист в области теплоэнергетики  |c профессор Томского политехнического университета  |f 1958-  |g Александр Васильевич  |3 (RuTPU)RU\TPU\pers\30711 
712 0 2 |a Национальный исследовательский Томский политехнический университет (ТПУ)  |c (2009- )  |3 (RuTPU)RU\TPU\col\15902 
801 1 |a RU  |b 63413507  |c 20120830 
801 2 |a RU  |b 63413507  |c 20191210  |g RCR 
856 4 |u http://www.lib.tpu.ru/fulltext/c/2011/C02/055.pdf 
942 |c CF